Les divisions des anciennes monnaies européennes - Statistiques

Statistiques générales
  • Ce quiz a été pris 25 fois
  • Le résultat moyen est 13 sur 23
Statistiques - réponses
Pays Monnaie % Correct
Chypre Livre chypriote Cent
100%
Malte Lire maltaise Cent
100%
Pays-Bas Florin Cent
100%
Italie Lire Centesimo
96%
Saint-Marin Lire de Saint-Marin Centesimo
96%
Vatican Lire vaticane Centesimo
96%
Andorre Peseta Centime
96%
Belgique Franc belge Centime
96%
Espagne Peseta Centime
96%
France Franc Centime
96%
Luxembourg Franc luxembourgeois Centime
96%
Monaco Franc monégasque Centime
96%
Irlande Livre irlandaise penny
36%
Finlande Mark finlandais penni
24%
Portugal Escudo Centavo
16%
Autriche Schilling Groschen
16%
Slovaquie Couronne Haler
16%
Grèce Drachme Lepto
16%
Allemagne Deutsche Mark Pfennig
16%
Lettonie Lats Santim
12%
Estonie Couronne - Kroon Sent
12%
Slovénie Tolar Stotin
12%
Lituanie Litas Centas
8%
Aucun quiz correspondant
Distribution des résultats
% des personnes avec chaque résultat
Percentile par nombre de réponses
Votre historique - résultats
Vous n’avez pas pris ce quiz